Loading...
| Literature - American | 0 | 10 | 0 | 3 | 100 | 35 | 78.50 | 5 | 6 | 0.00 | 0.00 |
| Literature - World | 0 | 7 | 0 | 1 | 70 | 63 | 78.86 | 1 | 6 | 0.00 | 0.00 |
| Painting/Sculpture | 0 | 7 | 1 | 2 | 65 | 19 | 61.71 | 4 | 5 | 0.00 | 0.00 |
| Science - Biology | 0 | 6 | 0 | 0 | 60 | 24 | 57.17 | 0 | 2 | 0.00 | 0.00 |
| Fine Arts - Other | 0 | 6 | 0 | 1 | 60 | 53 | 85.83 | 0 | 3 | 0.00 | 0.00 |
| Mythology | 0 | 6 | 2 | 1 | 50 | 43 | 64.33 | 0 | 3 | 0.00 | 0.00 |
| Literature - British | 0 | 5 | 1 | 0 | 45 | 62 | 82.80 | 2 | 4 | 0.00 | 0.00 |
| Literature - European | 0 | 4 | 0 | 0 | 40 | 67 | 95.75 | 2 | 2 | 0.00 | 0.00 |
| Science - Physics | 0 | 4 | 0 | 1 | 40 | 46 | 77.75 | 1 | 1 | 0.00 | 0.00 |
| Fine Arts - Classical Music | 0 | 4 | 1 | 0 | 35 | 55 | 76.00 | 2 | 2 | 0.00 | 0.00 |
| Science - Chemistry | 0 | 3 | 0 | 2 | 30 | 81 | 99.33 | 0 | 1 | 0.00 | 0.00 |
| Religion | 0 | 3 | 1 | 0 | 25 | 53 | 54.33 | 1 | 2 | 0.00 | 0.00 |
| Social Science | 0 | 2 | 0 | 1 | 20 | 31 | 73.00 | 0 | 1 | 0.00 | 0.00 |
| Science - Other | 0 | 2 | 0 | 1 | 20 | 83 | 91.50 | 0 | 0 | 0.00 | 0.00 |
| History - American | 0 | 1 | 0 | 0 | 10 | 61 | 61.00 | 0 | 0 | 0.00 | 0.00 |
| Philosophy | 0 | 1 | 0 | 0 | 10 | 89 | 89.00 | 0 | 1 | 0.00 | 0.00 |
| History - European | 0 | 1 | 1 | 1 | 5 | 116 | 116.00 | 0 | 0 | 0.00 | 0.00 |
| Geography | 0 | 1 | 1 | 0 | 5 | 103 | 103.00 | 0 | 0 | 0.00 | 0.00 |
| Pop Culture | 0 | 0 | 0 | 0 | 0 | 0.00 | 0 | 0 | 0.00 | 0.00 | |
| Current Events | 0 | 0 | 1 | 0 | -5 | 0.00 | 0 | 0 | 0.00 | 0.00 | |
| History - Other | 0 | 0 | 1 | 0 | -5 | 0.00 | 0 | 0 | 0.00 | 0.00 |